00595cam a2200193ua 4500001000400000008003900004040000900043082001200052245004900064250000900113260004400122300001500166653002200181653003000203700003100233942000700264999001300271952011700284757110419n ii |||gr||||Z||||||eng cMAIN a320.5131 aModern political analysiscby Robert A. Dahl a1st. aNew Delhi:bPrentice hall of India,965. a118p.:0cm. aPolitical science aModern political analysis aDahl, Robert A.,eAuthor. cBK c683d683 00104070aMAINbMAINc2d2020-09-19l1o320.513 | DAHp136r2025-08-30 05:52:51s2025-08-30t1w2020-09-19yBK